Chainsaw Man Devils (Picture Quiz) - Statistics

General Stats
  • This quiz has been taken 254 times
  • The average score is 12 of 16
Answer Stats
Picture Answer % Correct
Angel Devil
98%
Gun Devil
96%
Fox Devil
93%
Future Devil
91%
Darkness Devil
83%
Death Devil
81%
Blood Devil
79%
Ghost Devil
76%
War Devil
76%
Control Devil
73%
Zombie Devil
71%
Typhoon Devil
66%
Hell Devil
64%
Eternity Devil
59%
Leech Devil
57%
Justice Devil
31%
No matching quizzes found
Score Distribution
Percent of People with Each Score
Percentile by Number Answered
Your Score History
You have not taken this quiz